| 000 | 003600000a22001210004500 | ||
|---|---|---|---|
| 090 |
_aAR _b04741 |
||
| 100 | 1 |
_aHalffer, Gonzalo _998879 |
|
| 245 | 1 | 0 | _aConcepto de reserva de la biosfera |
| 044 | _aColombia | ||
| 041 | 0 | _aEspañol | |
| 942 | _cARTICULO | ||
| 773 | 1 |
_tMemorias del seminario sobre conservación de la Diversidad Biólogica de México _h1 _q1-25 _d1991 |
|
| 999 |
_c13841 _d13841 |
||